000 00967nam a2200253 a 4500
001 BRCA_3717
005 20190320204409.0
008 110909s2008----mx-a---###---#000-0#spa-#
020 _a9689037196
041 _aspa
044 _amx
050 4 _aN6535
_b.G65 2008
100 1 _aGoldman, Shifra M.
_99676
245 1 0 _aPerspectivas artísticas del Continente Americano
_barte y cambio social en América Latina y Estados Unidos en el siglo XX
_cShifra M. Goldman ; traducción de Esther Cimet S.
260 _aMéxico
_bUniversidad Autónoma de la Ciudad de México : INBA
_c2008
300 _a734 p.
_bil.
_c24 cm.
440 0 _aColección Al margen
_99677
500 _aIncluye índice analítico y onomástico
504 _aBibliografía: p. 609-641
650 1 4 _aArte americano
_xPerspectivas
_ySiglo XX
_zAmérica Latina
_99678
650 1 4 _aArte americano
_xPerspectivas
_ySiglo XX
_zEstados Unidos
_99679
700 1 _aCimet S., Esther
_99680
942 _2lcc
_cB
999 _c3447
_d3447